Countries with Similar Capitals - Statistics

General Stats
  • This quiz has been taken 30 times
  • The average score is 18 of 19
Answer Stats
Country Capital % Correct
Algeria Algiers
100%
Brazil Brasilia
96%
Guatemala Guatemala City
96%
Luxembourg Luxembourg
96%
Mexico Mexico City
96%
Monaco Monaco
96%
Panama Panama City
96%
San Marino San Marino
96%
El Salvador San Salvador
96%
Sao Tome & Principe Sao Tome
96%
Singapore Singapore
96%
Iran Tehran
96%
Tunisia Tunis
96%
Vatican City Vatican City
96%
Andorra Andorra la Vella
92%
Guinea-Bissau Bissau
92%
Kuwait Kuwait City
92%
Djibouti Djibouti City
88%
Nicaragua Managua
76%
No matching quizzes found
Score Distribution
Percent of People with Each Score
Percentile by Number Answered
Your Score History
You have not taken this quiz